Las ciencias humanas y la filosofía

Na minha lista:
Detalhes bibliográficos
Autor principal: Goldmann, Lucien (Author)
Formato: Livro
Idioma:espanhol
Publicado em: Buenos Aires Nueva Visión 1970
Colecção:Ensayos
Assuntos:
Tags: Adicionar Tag
Sem tags, seja o primeiro a adicionar uma tag!

MARC

LEADER 00000nam a2200000 a 4500
001 UCS9079
003 CL-VaPUC
008 971113e19700000AG |||||||||||||||||spa|d
082 0 4 |a 300.1  |b GOL  |2 21 
100 |a Goldmann, Lucien  |e author  |9 412435 
245 1 4 |a Las ciencias humanas y la filosofía 
300 |a 120 p 
942 |c BK 
945 |d 19971113 00:00:00  |a jquezada 
260 |a Buenos Aires  |b Nueva Visión  |c 1970 
650 0 |a Filosofía de las ciencias sociales  |9 268057 
650 0 |a Teoría del conocimiento   |9 255038 
650 0 |a Lógica  |9 256849 
650 0 |a Antropología   |9 233030 
650 0 |a Sociología   |9 255410 
583 |a last modification  |c 19971113 00:00:00  |k Rodrigo Vera 
490 0 |a Ensayos 
999 |c 263136  |d 263134 
952 |0 0  |1 0  |4 0  |6 300_100000000000000_GOL_1970  |7 0  |8 A  |9 292236  |a BIBGIM  |b BIBGIM  |d 2019-11-19  |i 3363236  |o 300.1 GOL 1970  |p 3363236  |r 2025-01-15  |w 2019-11-19  |y BK  |k GIM